Brownfield study urges revamp (Record no. 71402)

MARC details
000 -LEADER
fixed length control field 00997cam a2200217 4500
001 - CONTROL NUMBER
control field WB3839-13
008 - FIXED-LENGTH DATA ELEMENTS--GENERAL INFORMATION
fixed length control field 021022n2002 000 0 eng u
035 ## - SYSTEM CONTROL NUMBER
System control number (Sirsi) u120204
245 ## - TITLE STATEMENT
Title Brownfield study urges revamp
260 ## - PUBLICATION, DISTRIBUTION, ETC.
Date of publication, distribution, etc. 2002
490 ## - SERIES STATEMENT
Series statement Regeneration and Renewal
Volume/sequential designation 18 October 2002, 5(1)
520 ## - SUMMARY, ETC.
Summary, etc. Report to be presented at the Urban Summit by a spin off from Lord Roger's Urban Task Force claims that government targets to build 60% of all new homes in England on recycled land are unrealistic under current legislation. The report argues that the difficulties with brownfield regeneration are due to the fact that legislation classifies all land decontamination activity as waste management. For the report 'The regeneration Permit' t +44 (0)20 7618 9100.
590 ## - LOCAL NOTE (RLIN)
Local note WB
650 ## - SUBJECT ADDED ENTRY--TOPICAL TERM
Topical term or geographic name entry element BROWNFIELD LAND
650 ## - SUBJECT ADDED ENTRY--TOPICAL TERM
Topical term or geographic name entry element URBAN TASK FORCE
650 ## - SUBJECT ADDED ENTRY--TOPICAL TERM
Topical term or geographic name entry element LAND DECONTAMINATION
650 ## - SUBJECT ADDED ENTRY--TOPICAL TERM
Topical term or geographic name entry element DEVELOPERS
650 ## - SUBJECT ADDED ENTRY--TOPICAL TERM
Topical term or geographic name entry element WASTE MANAGEMENT
650 ## - SUBJECT ADDED ENTRY--TOPICAL TERM
Topical term or geographic name entry element REGENERATION
942 ## - ADDED ENTRY ELEMENTS (KOHA)
Suppress in OPAC 0
Holdings
Withdrawn status Lost status Source of classification or shelving scheme Damaged status Not for loan Home library Current library Shelving location Date acquired Total Checkouts Full call number Barcode Date last seen Copy number Price effective from Koha item type
    Dewey Decimal Classification     London London News article 22/10/2002   WB3839-13 120204-1001 06/08/2019 1 06/08/2019 News article